1. The EU’s Legal Framework on Asylum and Irregular Immigration ; 2. On the Greek Crisis [szakfordítói szakdolgozat]

Elmentve itt :
Bibliográfiai részletek
Szerző: Hesz Ágnes Márta
További közreműködők: Dudits András (Témavezető)
Dokumentumtípus: Szakdolgozat
Megjelent: 2015
Tárgyszavak:
Online Access:http://diploma.bibl.u-szeged.hu/59183
LEADER 00703nta a2200181 i 4500
001 dipl59183
005 20230807100848.0
008 161116s2015 hu om 0|| hun d
040 |a SZTE Diploma Repozitórium  |b hun 
041 |a hun 
041 |a eng 
100 1 |a Hesz Ágnes Márta 
245 1 0 |a 1. The EU’s Legal Framework on Asylum and Irregular Immigration ; 2. On the Greek Crisis [szakfordítói szakdolgozat]  |h [elektronikus dokumentum] /  |c Ágnes Márta Hesz 
260 |c 2015 
650 4 |a Bölcsészettudományok 
650 4 |a Humanities 
700 1 |a Dudits András  |e ths 
856 4 0 |u https://diploma.bibl.u-szeged.hu/id/eprint/59183/1/2016_Hesz_%C3%81gnes_M%C3%A1rta_HEAWAEB_SZE_SZ.pdf  |z Dokumentum-elérés